000 00333nam a22001457a 4500
008 230626b ||||| |||| 00| 0 eng d
020 _a9780323401708
041 _aeng
080 _2FIFTH EDITION
_a610.73
082 _a610.73McK
100 _a8
101 _aINF
245 _aMATERNAL-CHILD NURSING
_cMcKINNEY
942 _2udc
_cBK
999 _c60041
_d60041